<?xml version="1.0" encoding="UTF-8"?>
<record
    xmlns:xsi="http://www.w3.org/2001/XMLSchema-instance"
    xsi:schemaLocation="http://www.loc.gov/MARC21/slim http://www.loc.gov/standards/marcxml/schema/MARC21slim.xsd"
    xmlns="http://www.loc.gov/MARC21/slim">

  <leader>02344nam a2200349 a 4500</leader>
  <controlfield tag="001">000042869</controlfield>
  <controlfield tag="003">DO-SdBNP</controlfield>
  <controlfield tag="005">20221213142627.0</controlfield>
  <controlfield tag="008">140211s2011    sp            000 0 spa d</controlfield>
  <datafield tag="020" ind1=" " ind2=" ">
    <subfield code="a">9788497843270</subfield>
  </datafield>
  <datafield tag="040" ind1=" " ind2=" ">
    <subfield code="a">DO-SdBNP</subfield>
    <subfield code="b">spa</subfield>
    <subfield code="c">BNPHU</subfield>
  </datafield>
  <datafield tag="082" ind1=" " ind2="4">
    <subfield code="a">305.8</subfield>
    <subfield code="b">C748i</subfield>
    <subfield code="2">22</subfield>
  </datafield>
  <datafield tag="245" ind1="0" ind2="0">
    <subfield code="a">Conflictos Interculturales. /</subfield>
    <subfield code="c">coordinaci&#xF3;n, N&#xE9;stor Garc&#xED;a Canclini ; Jos&#xE9; Luis Brea ... [et al.]</subfield>
  </datafield>
  <datafield tag="260" ind1=" " ind2=" ">
    <subfield code="a">Barcelona, Espa&#xF1;a :</subfield>
    <subfield code="b">Gedisa,</subfield>
    <subfield code="c">2011.</subfield>
  </datafield>
  <datafield tag="300" ind1=" " ind2=" ">
    <subfield code="a">179 p. ;</subfield>
    <subfield code="c">23 cm.</subfield>
  </datafield>
  <datafield tag="490" ind1="0" ind2=" ">
    <subfield code="a">Cultura</subfield>
  </datafield>
  <datafield tag="500" ind1=" " ind2=" ">
    <subfield code="a">Los textos contenidos en esta obra est&#xE1;n compuestos por las conferencias y las discuciones que se realizaron en la Ciudad de M&#xE9;xico el 25 y 26 de junio de 2007. La publicaci&#xF3;n de esta obra ha sido posible gracias al Centro cultural Espa&#xF1;a de M&#xE9;xico (AECID), auspiciante de dicho encuentro"</subfield>
  </datafield>
  <datafield tag="505" ind1=" " ind2=" ">
    <subfield code="a">prefacio --</subfield>
    <subfield code="t">1. Literatura: c&#xF3;mo se narran los cruces interculturales --</subfield>
    <subfield code="t">En construcci&#xF3;n. Identidad y ficci&#xF3;n en algunas novelas de hoy. /</subfield>
    <subfield code="r">Graciela Speranza -- </subfield>
    <subfield code="t">Identidades fronterizas /</subfield>
    <subfield code="r">Juan Villoro -- </subfield>
    <subfield code="t">Di&#xE1;logo -- </subfield>
    <subfield code="t">2. Las artes c&#xF3;mo parte de la cultura visual globalizada --</subfield>
    <subfield code="r">La muerte del arte y la muerte del arte /</subfield>
    <subfield code="r">Jos&#xE9; Luis Brea</subfield>
    <subfield code="t">Inundaciones. </subfield>
    <subfield code="r">Cuauhet&#xE9;moc Medina --</subfield>
    <subfield code="t">Di&#xE1;logo --</subfield>
    <subfield code="t">3. &#xBF;Qu&#xE9; puede decir la antropolog&#xED;a sobre los nuevos conflictos interculturales?</subfield>
    <subfield code="r">La antropolog&#xED;a y los conflictos interculturales /</subfield>
    <subfield code="r">Manuel Guti&#xE9;rrez Est&#xE9;vez --</subfield>
    <subfield code="t">De la diversidad la interculturalidad /</subfield>
    <subfield code="r">N&#xE9;stor Garc&#xED;a Canclini --</subfield>
    <subfield code="t">Di&#xE1;logo --</subfield>
    <subfield code="t">4. Comunicaci&#xF3;n entre hispanohablantes : mercados y pol&#xED;ticas culturales.</subfield>
    <subfield code="t">Comunicaci&#xF3;n entre hispanohablantes : Espa&#xF1;a, Am&#xE9;rica Latina, y estados Unidos. Emili Prado. </subfield>
    <subfield code="t">Hacia un espacio un espacio audiovisual iberoamericano /</subfield>
    <subfield code="r">Enrique E. S&#xE1;nchez Ruiz  --</subfield>
    <subfield code="t">Di&#xE1;logo --</subfield>
    <subfield code="t">Notas sobre los autores.</subfield>
  </datafield>
  <datafield tag="590" ind1=" " ind2=" ">
    <subfield code="a">Inventariado, 2022/MFF</subfield>
  </datafield>
  <datafield tag="650" ind1=" " ind2="4">
    <subfield code="a">Conflictos culturales</subfield>
    <subfield code="9">33623</subfield>
  </datafield>
  <datafield tag="700" ind1="1" ind2=" ">
    <subfield code="a">Garc&#xED;a Canclini, N&#xE9;stor</subfield>
    <subfield code="e">coord.</subfield>
    <subfield code="9">47588</subfield>
  </datafield>
  <datafield tag="700" ind1="1" ind2=" ">
    <subfield code="a">Brea, Jos&#xE9; Luis</subfield>
    <subfield code="e">coord.</subfield>
    <subfield code="9">70276</subfield>
  </datafield>
  <datafield tag="700" ind1="1" ind2=" ">
    <subfield code="a">Guti&#xE9;rrez Est&#xE9;vez, Manuel</subfield>
    <subfield code="9">70277</subfield>
  </datafield>
  <datafield tag="700" ind1="1" ind2=" ">
    <subfield code="a">Medina, Cuauht&#xE9;moc</subfield>
    <subfield code="9">70278</subfield>
  </datafield>
  <datafield tag="700" ind1="1" ind2=" ">
    <subfield code="a">Prado, Emili</subfield>
    <subfield code="9">70279</subfield>
  </datafield>
  <datafield tag="700" ind1="1" ind2=" ">
    <subfield code="a">S&#xE1;nchez Ruiz, Enrique</subfield>
    <subfield code="9">70280</subfield>
  </datafield>
  <datafield tag="700" ind1="1" ind2=" ">
    <subfield code="a">Speranza, Graciela</subfield>
    <subfield code="9">70281</subfield>
  </datafield>
  <datafield tag="700" ind1="1" ind2=" ">
    <subfield code="a">Villoro, Juan</subfield>
    <subfield code="9">70282</subfield>
  </datafield>
  <datafield tag="830" ind1=" " ind2="0">
    <subfield code="a">Cultura</subfield>
    <subfield code="9">56064</subfield>
  </datafield>
  <datafield tag="910" ind1=" " ind2=" ">
    <subfield code="a">Inventariado, 2022/Validado, 2022/MFF</subfield>
  </datafield>
  <datafield tag="942" ind1=" " ind2=" ">
    <subfield code="2">ddc</subfield>
    <subfield code="c">LBS1</subfield>
  </datafield>
  <datafield tag="952" ind1=" " ind2=" ">
    <subfield code="0">0</subfield>
    <subfield code="1">0</subfield>
    <subfield code="2">ddc</subfield>
    <subfield code="5">6</subfield>
    <subfield code="7">0</subfield>
    <subfield code="8">GR</subfield>
    <subfield code="a">BNPHU</subfield>
    <subfield code="b">BNPHU</subfield>
    <subfield code="c">HD</subfield>
    <subfield code="d">2014-02-11</subfield>
    <subfield code="e">Donado por B. N. Pedro A. 2011</subfield>
    <subfield code="o">BNPHU GR 305.8 C748i</subfield>
    <subfield code="p">42869-10</subfield>
    <subfield code="r">2020-06-25</subfield>
    <subfield code="w">2020-06-25</subfield>
    <subfield code="y">LBS1</subfield>
  </datafield>
  <datafield tag="999" ind1=" " ind2=" ">
    <subfield code="c">42358</subfield>
    <subfield code="d">42358</subfield>
  </datafield>
</record>
